Statistics for Once in a Lifetime - One Direction (All Lyrics)

Click here to take the quiz!

General Stats

  • This quiz has been taken 13 times
  • The average score is 112 of 155

Answer Stats

Answer% Correct
I
100%
you
100%
a
88%
bad
88%
in
88%
it
88%
it's
88%
lifetime
88%
like
88%
my
88%
no
88%
not
88%
Once
88%
once
88%
the
88%
when
88%
and
75%
are
75%
by
75%
even
75%
heart
75%
is
75%
just
75%
now
75%
right
75%
side
75%
all
63%
calling
63%
close
63%
could
63%
eyes
63%
guys
63%
has
63%
mine
63%
name
63%
or
63%
same
63%
someone's
63%
sounds
63%
we
63%
were
63%
align
50%
away
50%
beating
50%
changed
50%
landslide
50%
make
50%
night
50%
out
50%
stars
50%
take
50%
dark
38%
feels
38%
loud
38%
mistakes
38%
nothing
38%
riptide
38%
somehow
38%
always
25%
safe
25%

Score Distribution

Percentile by Number Answered

Percent of People with Each Score

Your Score History

You have not taken this quiz